| 000 | 00737nam a2200205 i 4500 | ||
|---|---|---|---|
| 001 | 171577 | ||
| 003 | ES-MaACL | ||
| 005 | 20250808001432.0 | ||
| 008 | 090521s1979 sp |||| | spa d | ||
| 017 | _aM 20144-1979 | ||
| 020 | _a84-220-0912-9 | ||
| 100 | 1 |
_aMulago, Vicente. _9140258 |
|
| 245 | 1 | 0 |
_aSimbolismo religioso africano _b: estudio comparativo con el sacramentalismo cristiano / _cpor Vicente Mulago. |
| 260 |
_aMadrid : _bLa Editorial Católica, _c1979. |
||
| 300 |
_aXXXI, 333 p., 1 h. ; _c20 cm. |
||
| 490 | 1 |
_aBiblioteca de autores cristianos ; _v407. _aSemina Verbi |
|
| 830 | 0 | 0 |
_aBiblioteca de autores cristianos. _pSemina verbi _v407. _9178690 |
| 852 |
_aES-MaACL _jJ-398 _9R.46092 |
||
| 999 |
_c171577 _d171577 |
||